Normal view
MARC view
Entry Nombre personal
001 - NÚMERO DE CONTROL
- campo de control: 12315
003 - IDENTIFICADOR DEL NÚMERO DE CONTROL
- campo de control: OSt
005 - FECHA Y HORA DE LA ÚLTIMA TRANSACCIÓN
- campo de control: 20211012133755.0
008 - DATOS DE LONGITUD FIJA
- campo de control de longitud fija: 200615|| aca||aabn | a|a d
040 ## - FUENTE DE LA CATALOGACIÓN
- Centro catalogador/agencia de origen: OSt
- Centro/agencia transcriptor: OSt
100 1# - ENCABEZAMIENTO-NOMBRE DE PERSONA
- Nombre de persona: Risco Bermúdez, René del,
- Fechas asociadas al nombre: 1937-1972
400 1# - TRAZADO DE VÉASE--NOMBRE DE PERSONA
- Nombre de persona: Bermúdez, René del Risco,
- Fechas asociadas al nombre: 1937-1972
400 1# - TRAZADO DE VÉASE--NOMBRE DE PERSONA
- Nombre de persona: Del Risco Bermúdez, René,
- Fechas asociadas al nombre: 1937-1972
400 1# - TRAZADO DE VÉASE--NOMBRE DE PERSONA
- Nombre de persona: Risco y Bermúdez, René del, |d 1937-1972
670 ## - FUENTE DE DATOS ENCONTRADOS
- Cita de la fuente: Risco Bermúdez, René del, 1937-1972., El viento frío :, 2005.
